书目信息 |
| 题名: |
分子遗传学
|
|
| 作者: | 张玉静 主编 | |
| 分册: | ||
| 出版信息: | 北京 科学出版社 2000.04 |
|
| 页数: | 11,486页 | |
| 开本: | 26cm | |
| 丛书名: | 现代遗传学丛书 | |
| 单 册: | ||
| 中图分类: | Q75 | |
| 科图分类: | ||
| 主题词: | 分子遗传学 | |
| 电子资源: | ||
| ISBN: | 7-03-008038-6 | |
| 000 | 00714oam2 2200241 45 | |
| 001 | 012000600265 | |
| 005 | 20151222162622.95 | |
| 010 | @a7-03-008038-6@dCNY 64.00 | |
| 100 | @a20000908d2000 em y0chiy0120 ea | |
| 101 | 0 | @achi |
| 102 | @aCN@b110000 | |
| 105 | @afk z 001yy | |
| 200 | 1 | @a分子遗传学@AFen Zi Yi Chuan Xue@dMolecular Genetics@f张玉静主编@FZhang Yu Jing Zhu Bian |
| 210 | @a北京@c科学出版社@d2000.04 | |
| 215 | @a11,486页@c图表@d26cm | |
| 225 | 2 | @a现代遗传学丛书@f张玉静主编 |
| 300 | @a书末附英汉对照索引 | |
| 410 | 0 | @12001 @a现代遗传学丛书 |
| 606 | 0 | @a分子遗传学 |
| 690 | @aQ75@v3 | |
| 701 | 0 | @a张玉静@AZhang Yu Jing@4主编 |
| 801 | 0 | @aCN@bCEPC@c20051124 |
| 905 | @a10447@dQ75@eZ230 | |
| 分子遗传学=Molecular Genetics/张玉静主编.-北京:科学出版社,2000.04 |
| 11,486页:图表;26cm.-(现代遗传学丛书/张玉静主编) |
| 书末附英汉对照索引 |
| ISBN 7-03-008038-6:CNY 64.00 |
| ● |
| 相关链接 |
|
|
|
正题名:分子遗传学
索取号:Q75/Z230
 
预约/预借
| 序号 | 登录号 | 条形码 | 馆藏地/架位号 | 状态 | 备注 |
| 1 | 1235382 | 212353825 | 生命科学与工程学院资料室/ [索取号:Q75/Z230] | 在馆 | |
| 2 | 433919 | 204339199 | 自科库401/401自科库 31排2列1层/ [索取号:Q75/Z230] | 在馆 | |
| 3 | 433920 | 204339206 | 自科库401/401自科库 31排2列1层/ [索取号:Q75/Z230] | 在馆 | |
| 4 | 542937 | 205429375 | 自科库401/401自科库 31排2列1层/ [索取号:Q75/Z230] | 在馆 | |
| 5 | 542938 | 205429384 | 自科库401/ [索取号:Q75/Z230] | 在馆 | |
| 6 | 542939 | 205429393 | 自科库401/401自科库 31排2列1层/ [索取号:Q75/Z230] | 在馆 |